000 02028nam a2200373 c 4500
003 BLK
005 20180420222615.0
008 180408b bul|||||r ||||||| ||bul||
010 _aKNG00060594000
040 _aBLK
041 _aBUL
_cBUL
080 _aДържавна власт. Система и функции на държавните органи
_b342.5
_x(73)
_z342.5(73)
080 _aДържавна власт. Система и функции на държавните органи
_b342.5
_x(45)
_z342.5(45)
080 _aДържавна власт. Система и функции на държавните органи
_b342.5
_x(44)
_z342.5(44)
080 _aКонституции. Законодателни събрания. Народни събрания
_b342.4
_x(497.2)
_z342.4(497.2)
100 1 _aДанев, Цоню Георгиев
_eпърви автор
_9286985
139 _aДанев, Цоню Георгиев
_bД 18
245 1 0 _aСъединени американски щати, Италианска република, Пета френска република
_bДърж. устройство и структура на върховните конституционни органи ; Проект за конституция на република България
_cЦоню Георгиев Данев.
257 _aBGR
260 София
_bИзд. авт.
_c1990
_fПерник : ДФ Полиграф
300 _a279 с.
_c20 см
380 _a3
500 _aОфс. изд. - 3 000 тир. - Библиогр. след отд. гл.
650 4 _aДържавно устройство
_9286986
650 4 _aСАЩ - конституция
_9262031
650 4 _aИталия - конституция
_9286987
650 4 _aФранция - конституция
_9286988
650 4 _aБългария - конституция
_9242222
852 _aЦб 165211
856 4 _qpdf
_u
856 4 _qpdf
_u
942 _cKNG
_n0
944 _aCR
_c13.06.2004
_kЧиталня
944 _aED
_c03.10.2016
_kКети_Илиева
999 _c56612
_d56612